00501nam a2200157 a 4500008004100000020001800041050001600059100002400075245011900099250001200218260004300230300002000273650001200293650001500305650002300320150811s2004 ||||||||||||||||| || u a9780130478115 aQP 34.5 Mar aMartini, Frederic H10aApplication manual to accompany fundamenatals of anatomy and physiologycby Frederic H. Martini and Kathleen Welch a6th ed. aSan FranciscobBenjamin/Cummingsc2004 aix, 195p. :ill. 3aANATOMY aPHYSIOLOGY aPHYSIOLOGY--MANUAL